| 000 | 01616nam a22004217a 4500 | ||
|---|---|---|---|
| 001 | 000102696 | ||
| 003 | CHAP | ||
| 005 | 20220329143613.0 | ||
| 008 | 100827s2010 mx r 00010 spa d | ||
| 010 | _a99159 | ||
| 011 | _a100131 | ||
| 035 | _a110817 | ||
| 040 | _cCHAP | ||
| 090 | _aTesis | ||
| 100 | 1 |
_aRodríguez Rangel, Guillermo Ascención. _998825 |
|
| 245 | 1 | 0 |
_aInventario de parques y jardines en la zona conurbada de la ciudad de San Luis Potosí, S.L.P. , México / _c/por Guillermo Ascención Rodríguez Rangel. |
| 260 |
_aSan Luis potosí, S.L.P. : _bEl autor, _c2010. |
||
| 300 |
_avii, 72 h. : _bcuadros. |
||
| 502 | _aTesis (Lic. en Geografía) -- UASLP. Coordinación de Ciencias Sociales y Humanidades | ||
| 590 |
_aALEPH _b10 _c20130110 _lUCH01 _h1535 |
||
| 590 |
_aBATCH-UPD _b10 _c20130110 _lUCH01 _h1200 |
||
| 590 |
_aBATCH-UPD _b10 _c20130410 _lUCH01 _h0742 |
||
| 590 |
_aBATCH-UPD _b10 _c20130914 _lUCH01 _h1702 |
||
| 590 |
_aBATCH-UPD _b10 _c20140324 _lUCH01 _h1519 |
||
| 590 |
_aBATCH-UPD _b10 _c20141002 _lUCH01 _h0844 |
||
| 590 |
_aCONVERSION _b10 _c20130109 _lUCH01 _h1355 |
||
| 590 |
_aE12093SGE _b10 _c20130718 _lUCH01 _h1006 |
||
| 650 | 1 | 4 |
_aArboricultura urbana. _96700 |
| 650 | 1 | 4 |
_aÁreas protegidas _zSan Luis Potosi. _96879 |
| 650 | 1 | 4 |
_aJardines _zSan Luis Potosí. _961161 |
| 650 | 1 | 4 |
_aMedio ambiente _xConservación. _974068 |
| 650 | 1 | 4 |
_aParques _xSan Luis Potosi. _985694 |
| 856 |
_3Finding aid _uhttp://10.13.5.2/tesis/110817.pdf _zTeclea aquí |
||
| 901 | _aBK | ||
| 942 | _cTESIS | ||
| 942 | _n0 | ||
| 949 |
_aTesis _bBC _cTES _d33724002208926 _eTS1 _gDonaciØn _h51010 _i110817 _sb |
||
| 999 |
_c99159 _d99159 |
||